Odmeňovanie zamestnancov

Systém odmeňovania zamestnancov v organizácii. Mzdový systém ako jadro systému odmeňovania. Hodnotenie práce ako nástroj zabezpečenia vnútornej konzistentnosti systému odmeňovania. Tarifné stupnice. Mzdové formy a ich funkcia v mzdovom systéme. Zamestnanecké výhody a služby. Legislatívna úprava odme...

Descrizione completa

Salvato in:
Dettagli Bibliografici
Autore principale: Joniaková, Zuzana, 1970-
Natura: Capitolo di libro
Lingua:slovacco
Soggetti:
Tags: Aggiungi Tag
Nessun Tag, puoi essere il primo ad aggiungerne!!

MARC

LEADER 00000naa$a2200000$$$4500
001 0258721
005 20240502074108.9
041 0 |a slo 
044 |a SK 
245 1 0 |a Odmeňovanie zamestnancov  |c Zuzana Joniaková 
520 |a Systém odmeňovania zamestnancov v organizácii. Mzdový systém ako jadro systému odmeňovania. Hodnotenie práce ako nástroj zabezpečenia vnútornej konzistentnosti systému odmeňovania. Tarifné stupnice. Mzdové formy a ich funkcia v mzdovom systéme. Zamestnanecké výhody a služby. Legislatívna úprava odmeňovania. 
610 2 0 |a odmeňovanie 
610 2 0 |a zamestnanci 
610 2 0 |a zamestnávatelia 
610 2 0 |a mzdy 
610 2 0 |a ohodnotenie osobné 
610 2 0 |a prémie 
610 2 0 |a výhody zamestnanecké 
610 2 0 |a služby 
610 2 0 |a legislatíva 
100 1 |a Joniaková, Zuzana, 1970-